000 01451nam2a22002531 4500
001 rc\103541
005 20250620194453.0
010 _a5-85980-034-7
_bМалое предприятие "Диалог", Москва
035 _a(NLR Aleph) 005393381
090 _a7206400
_c7206400
100 _a20021216d1993 |||y0rusy50 ca
101 0 _arus
102 _aRU
105 _ay |||||||||
200 1 _aТри убийства Арсена Люпэна
215 _a253, [3] с.
_cил
461 0 _1001rc\103539
_12001#$aПоследние похождения Арсена Люпэна, взломщика-джентльмена$eРоман$e[В 2 ч.]$fМорис Леблан$g[Пер. с фр. А.Ш. Когана$gХудож. Сауляк Н.А.]$vТ. 2
_1700#1$aЛеблан$bМ.$gМорис$f1864-1941$3RU\NLR\auth\7750011
_97206382
_aЛеблан, М. (писатель ; 1864-1941)
_cКалининград
_d1993
_fМорис Леблан
_nИПП "Янтар. сказ"
_oРоман : [В 2 ч.]
_tПоследние похождения Арсена Люпэна, взломщика-джентльмена
_vТ. 2
604 _1700#1$aЛеблан$bМ.$gМорис
_150010$aТри убийства Арсена Люрэна$2psbo
_aЛеблан, Морис
_tТри убийства Арсена Люрэна
801 0 _aRU
_bNLR
_gpsbo
801 1 _aRU
_bELAR
_2rusmarc
852 _aNLR
_j94-2/623
942 _cBOOK
980 _aNB